000 00630cam a2200193 a 4500
001 000008242
005 20200929161322.0
008 790613s1968 ve 000 e spa
040 _aDO-SdBNP
_bspa
_cBNPHU
082 _aV864.3
_bD542c
100 1 _aDíaz Rodríguez, Manuel,
_d1871-1927.
_93961
245 1 0 _aCamino de perfección :
_by otros ensayos /
_cManuel Díaz Rodríguez.
260 _aCaracas,
_aMadrid :
_bEdime,
_c1968.
300 _a175 p. ;
_c19 cm.
490 1 _aColección de bolsillo Edime
_v58
650 4 _aEnsayos venezolanos
_94376
650 4 _aLiteratura venezolana
_93816
650 4 _aAutores venezolanos
_916628
999 _c8013
_d8013